Men aflame. (Record no. 12595)

000 -LEADER
fixed length control field 00528nam a2200181 a 4500
001 - CONTROL NUMBER
control field :::00010403$&:&@@
003 - CONTROL NUMBER IDENTIFIER
control field OkBaRHE
005 - DATE AND TIME OF LATEST TRANSACTION
control field 20000607103358.0
008 - FIXED-LENGTH DATA ELEMENTS--GENERAL INFORMATION
fixed length control field s1962 j 000 0 eng u
040 ## - CATALOGING SOURCE
Transcribing agency
100 1# - MAIN ENTRY--PERSONAL NAME
Personal name Enlow, David R.
245 10 - TITLE STATEMENT
Title Men aflame.
260 ## - PUBLICATION, DISTRIBUTION, ETC. (IMPRINT)
Place of publication, distribution, etc Grand Rapids, MI., :
Name of publisher, distributor, etc Zondervan Publishing House
Date of publication, distribution, etc c1962
300 ## - PHYSICAL DESCRIPTION
Extent 120 p. ;
Dimensions 21 cm.
650 ## - SUBJECT ADDED ENTRY--TOPICAL TERM
Topical term or geographic name as entry element Christian Life
942 ## - ADDED ENTRY ELEMENTS (KOHA)
Source of classification or shelving scheme
Koha item type Books
Copies
Koha item type Copy number Source of classification or shelving scheme Full call number Date last seen Permanent Location Shelving location Damaged status Barcode Price effective from Date acquired Lost status Not for loan Withdrawn status
Books1 BV 4501 .E52010-04-14RHEMA Bible Training CollegeGeneral Stacks 104032010-04-142010-04-14